000 005540000a22001930004500
090 _aAR
_b03058
245 1 0 _aStructure et evolution des genitalia chez les Acrididae et Familles apparentees
650 1 4 _aInsectos
_992622
650 1 4 _aEntomología
_94483
650 1 4 _aEvolución
_992797
650 1 4 _aMorfología animal
_99953
650 1 4 _aAnatomía animal
_993635
653 _gAcridoidea
653 _gAcridomorpha
041 0 _aInglés
100 1 _aAmedegnato, Christiane
_996621
942 _cARTICULO
773 1 _tAcrida
_31375
_q1-15
_d1976
_g5
999 _c12115
_d12115